000 00380nam a2200157Ia 4500
008 100122s9999 xx 000 0 und d
082 _b14173
_a50
245 _aकदंब -2008
250 _a0
300 _a208
520 _aदिवाळी 2006
620 _aदिवाळी 2006
630 _aकदंब -2008
730 _aकदंब -2008
942 _cBOOK
999 _c387690
_d387687